000 00340nam a2200133Ia 4500
008 220204s9999 xx 000 0 und d
082 _a658.15
_bWAL
100 _aBaughn, William H
245 0 _aFinancial planning and policy
260 _aNew York
_bHarper & Row
_c1961
650 _aFinancial planning
700 _aErnest W
942 _cBK
999 _c23687
_d23687